Problem solving in business and management :hard soft and creative approaches
Enregistré dans:
| Auteur principal: | |
|---|---|
| Format: | Livre |
| Langue: | anglais |
| Publié: |
Chapman & Hall
1991
|
| Tags: |
Ajouter un tag
Pas de tags, Soyez le premier à ajouter un tag!
|
MARC
| LEADER | 00000nam a22000007a 4500 | ||
|---|---|---|---|
| 008 | 211125b ||||| |||| 00| 0 eng d | ||
| 020 | |a 0412374900 | ||
| 100 | |a HICKS, Michael J. | ||
| 245 | |a Problem solving in business and management |b :hard soft and creative approaches |c Michael J. Hiicks |g xix, 327p.:ill. | ||
| 260 | |b Chapman & Hall |c 1991 |h London |i 276783 |l HD30.23.H52 |m Decision making | ||
| 500 | |a It includes bibliography and index | ||
| 942 | |a lcc |c BK |e Kuteyi, M. A. |f 25/11/2021 | ||
| 952 | |0 0 |1 0 |2 lcc |4 0 |6 HD003023 H52 |7 0 |9 3930 |a HOL |b HOL |c GJ |d 2021-11-25 |l 0 |o HD30.23.H52 |p 2021-67653 |r 2021-11-25 00:00:00 |w 2021-11-25 |y BK | ||
| 999 | |c 1966 |d 1966 | ||